000 00685nam a2200253Ia 4500
003 OSt
005 20221007064526.0
006 a|||||r|||| 00| 0
007 ta
008 221006b |||||||| |||| 00| 0 eng d
024 _a844
037 _cReference Collections
040 _aFLL
_cFLL
_beng
041 _2eng
_aeng
082 _aX:9582:Z2qN52:9, K9
100 _aBahl S. L.
245 0 _aEmployees provident funds act, 1952
250 _a3rd
260 _aDelhi
_bFederal Law Depot India
_c1969
300 _a246p
_ccm.
650 _aIncome tax
942 _hX:9582:Z2qN52:9, K9
_cREF
_2CC
999 _c1134351
_d1134351